| 000 | 00577nam a2200169 a 4500 | ||
|---|---|---|---|
| 001 | 000047670 | ||
| 005 | 20201002060652.0 | ||
| 008 | 090702s2013 dr r 000 0 spa d | ||
| 020 | _a9789945471632 | ||
| 040 |
_aDO-SdBNP _bspa _cBNPHU |
||
| 082 |
_axxxx _bD611m |
||
| 245 | 0 | 0 |
_aDiscípulos misioneros en le mundo de la salud. : _bguía para la pastoral de la salud en América Latina y el Caribe. |
| 260 |
_aSanto Domingo : _bConsejo Episcopal Latinoamericano, _c2013. |
||
| 300 |
_a119 p. ; _c22 cm. |
||
| 504 | _aBibliografía : p. 115-118 | ||
| 590 | _aInventariado, 2020/BT | ||
| 999 |
_c47158 _d47158 |
||